000 00624nam a2200241Ia 4500
005 20250425162621.0
008 250425s9999 xx 000 0 und d
041 _aspa
043 _aec
082 _a344.094
110 _aMINISTERIO COORDINADOR DE PATRIMONIO
245 0 _aUNIDAD TÉCNICA DE PROTECCIÓN Y RECUPERACIÓN DEL PATRIMONIO CULTURAL-UTPRPC S.O.S. PATRIMONIO
250 _a1A ED.
260 _aEcuador
_bMCP
_c2013
260 _aQUITO
300 _a183
650 _aECUADOR
650 _aPATRIMONIO CULTURAL
650 _aPROTECCION
650 _aRECUPERACION
942 _c01
010 _a90551
999 _c232943
_d232943